Estudio de la calidad ambiental del barrio Waspan Sur

Presenta la evaluación de la calidad ambiental del Barrio Waspan Sur, ubicado en el distrito VI de Managua, partiendo de la aplicación de un instrumental de evaluación, realizando y atendiendo a todos los factores que intervienen en su comportamiento, estableciendo preliminares para su solución....

Full description

Bibliographic Details
Main Author: Gómez López, Anielka Auxiliadora
Other Authors: Tutor: Gómez Ortega, Graciela Dionides
Format: Tesis Section = Libro
Language:Undetermined
Spanish
Published: Managua UNI 2011
Subjects:
LEADER 01055nam a2200253Ia 4500
008 240830s9999 xx 000 0 und d
040 |a BIBLIOTECA-RUSB/ T.Mon 711 G633 
041 |a spa 
082 |a T.Mon 711 G633 
100 1 |a Gómez López, Anielka Auxiliadora 
245 1 0 |a Estudio de la calidad ambiental del barrio Waspan Sur 
260 |a Managua  |b UNI  |c 2011 
300 |a 102 p. :il. 
502 |a Tesis (Arquitecto) - UNI, 2011. 
520 3 |a Presenta la evaluación de la calidad ambiental del Barrio Waspan Sur, ubicado en el distrito VI de Managua, partiendo de la aplicación de un instrumental de evaluación, realizando y atendiendo a todos los factores que intervienen en su comportamiento, estableciendo preliminares para su solución. 
650 7 |a URBANISMO 
650 7 |b  DESARROLLO URBANO 
650 7 |c  GESTIÓN AMBIENTAL 
650 7 |d  PLANIFICACIÓN AMBIENTAL 
650 7 |e  ARQUITECTURA - PLANOS ARQUITECTONICOS 
700 1 |a Tutor:  |b Gómez Ortega, Graciela Dionides 
942 |c BK  |2 ddc 
991 |a TESIS 
999 |c 21959